|
|
|
|
| LEADER |
01173nam a2200265 a 4500 |
| 001 |
GR-Antirio782 |
| 008 |
090520s2005 gr b 001 0 gre d |
| 020 |
|
|
|a 0470011947
|
| 040 |
|
|
|a GrPaTEI
|b gre
|c GR-PaULI
|
| 040 |
|
|
|a GrPaTEI
|b gre
|c GR-PaULI
|
| 040 |
|
|
|a GrPaTEI
|b gre
|c GR-PaULI
|
| 082 |
|
0 |
|a 005.8
|2 22
|
| 100 |
0 |
|
|a Nakjiri, Madjid
|
| 245 |
1 |
0 |
|a AAA and network security for mobile access :
|b radius , diameter, EAP , PKI , and IP mobility /
|c Nakhjiri, Madjid and Nakhjiri, Mahsa.
|
| 260 |
|
|
|a Chichester , Engl. Hoboken, N.J. :
|b John Wiley & Sons,
|c c 2005
|
| 300 |
|
|
|a xx. , 295 σ. :
|b εικ. ;
|c 26 εκ.
|
| 504 |
|
|
|a Περιλαμβάνει βιβλιογραφίες και ευρετήριο.
|
| 650 |
1 |
0 |
|a WIRELESS INTERNET
|
| 653 |
|
|
|a MOBILE COMPUTING--SECURITY MEASURES
|
| 653 |
|
|
|a WIRELESS INTERNET--SECURITY MEASURES
|
| 700 |
0 |
|
|a Nakjiri, Mahsa
|
| 942 |
|
|
|2 ddc
|
| 952 |
|
|
|0 0
|1 0
|2 ddc
|4 0
|6 005_800000000000000_NAK
|7 0
|9 262209
|a LISK-2
|b LISK-2
|c BSC
|d 2021-01-17
|e 24
|f 0
|g 0.00
|l 0
|o 005.8 NAK
|p 2430000007234
|r 2021-01-17 00:00:00
|t 1
|w 2021-01-17
|y BK15
|x 20090520 0 1
|x GrPaTEI - Antirrio
|
| 971 |
|
|
|a .b25705817
|b 01-10-20
|c 12-09-16
|
| 999 |
|
|
|c 151214
|d 151214
|